15 Największych Miast Francji z Mapą - Statystyki

Ogólne statystyki
  • Ten quiz został rozwiązany 58 razy
    48 od ostatniego zresetowania
  • Średni wynik to 11 z 15
Odpowiedzi na mapie
Odpowiedzi zakodowano w zielono-czerwonej skali na mapie do tego quizu, zgodnie z poniższymi procentami.
 
Statystyki odpowiedzi
Populacja Miasto % Poprawnych
520k Lyon
100%
870k Marsylia
100%
2,1 mln Paryż
100%
265k Bordeaux
90%
350k Nicea
87%
290k Strasbourg
87%
325k Nantes
83%
510k Tuluza
83%
240k Lille
77%
300k Montpellier
70%
230k Rennes
67%
170k Hawr
50%
170k Saint-Etienne
40%
180k Reims
33%
180k Tulon
27%
Nie znaleziono quizów pasujących do podanych kryteriów
Rozkład punktacji
Procent ludzi z każdym wynikiem
Percentyl według liczby udzielonych odpowiedzi
Twoja historia wyników
Nie rozwiązałeś tego quizu od ostatniego zresetowania